[Event "Titled Tuesday intern op 21st May Late"]
[Site "Chess.com INT"]
[Date "2024.05.21"]
[Round "2"]
[White "Haszon, David"]
[Black "Mickiewicz, Piotr"]
[Result "1-0"]
[WhiteElo "2256"]
[BlackElo "2268"]
[PlyCount "87"]
[EventDate "2024.05.21"]
[EventType "swiss (blitz)"]
[EventRounds "11"]
[EventCountry "USA"]
[SourceTitle "CB22_2024"]
[SourceDate "2024.05.29"]
[SourceVersion "1"]
[SourceVersionDate "2024.05.29"]
[SourceQuality "1"]

1. e4 e5 2. Nf3 Nc6 3. Bb5 Nf6 4. 0-0 d6 5. d4 Bd7 6. Nc3 Be7 7. Re1 0-0 8. Bg5 Nxd4 9. Nxd4 exd4 10. Qxd4 Bxb5 11. Nxb5 a6 12. Nc3 c6 13. Rad1 Qa5 14. Bf4 Rfd8 15. h3 b5 16. a3 Bf8 17. Qe3 b4 18. axb4 Qxb4 19. b3 a5 20. Rd4 Qb6 21. Ra4 Qxe3 22. Bxe3 Nd7 23. Rea1 d5 24. exd5 cxd5 25. Nxd5 Nc5 26. Bxc5 Bxc5 27. Nf4 Rd2 28. Nd3 Rxc2 29. b4 Bb6 30. bxa5 Ba7 31. R4a2 Rac8 32. Rxc2 Rxc2 33. g4 h5 34. gxh5 Rc3 35. Nb4 Rxh3 36. Nc6 Bc5 37. a6 Rxh5 38. a7 Rg5+ 39. Kf1 Bxa7 40. Rxa7 Rc5 41. Nd4 g6 42. Ke2 Kg7 43. Ne6+ Kf6 44. Nxc5 1-0

[Event "Titled Tuesday intern op 21st May Late"]
[Site "Chess.com INT"]
[Date "2024.05.21"]
[Round "8"]
[White "Maycock Bates, David Henry"]
[Black "Haszon, David"]
[Result "0-1"]
[WhiteElo "2266"]
[BlackElo "2256"]
[PlyCount "37"]
[EventDate "2024.05.21"]
[EventType "swiss (blitz)"]
[EventRounds "11"]
[EventCountry "USA"]
[SourceTitle "CB22_2024"]
[SourceDate "2024.05.29"]
[SourceVersion "1"]
[SourceVersionDate "2024.05.29"]
[SourceQuality "1"]

1. e4 c5 2. g3 d5 3. Bg2 dxe4 4. Nc3 Nf6 5. Nxe4 Nxe4 6. Bxe4 Nc6 7. Ne2 e5 8. 0-0 Be7 9. Bg2 0-0 10. d3 Nd4 11. c3 Nc6 12. Be3 Bf5 13. Be4 Bh3 14. Re1 f5 15. Qb3+ Kh8 16. Bxc6 bxc6 17. f4 Qxd3 18. Kf2 Qe4 19. Rg1 0-1

[Event "Titled Tuesday intern op 14th May Late"]
[Site "Chess.com INT"]
[Date "2024.05.14"]
[Round "2"]
[White "Haszon, David"]
[Black "Barria Zuniga, Daniel"]
[Result "0-1"]
[WhiteElo "2258"]
[BlackElo "2341"]
[PlyCount "52"]
[EventDate "2024.05.14"]
[EventType "swiss (blitz)"]
[EventRounds "11"]
[EventCountry "USA"]
[SourceTitle "CB21_2024"]
[SourceDate "2024.05.22"]
[SourceVersion "1"]
[SourceVersionDate "2024.05.22"]
[SourceQuality "1"]

1. e4 Nc6 2. Nf3 d5 3. e5 Bg4 4. d4 Bxf3 5. gxf3 e6 6. c3 Qh4 7. f4 Nge7 8. Qf3 g6 9. Qg3 Nf5 10. Qxh4 Nxh4 11. Bd3 Bh6 12. Na3 0-0 13. Ke2 f6 14. Be3 fxe5 15. fxe5 Kg7 16. Nc2 Rf7 17. Raf1 Raf8 18. Rhg1 Nf3 19. Rg2 Bxe3 20. Nxe3 Ne7 21. Ng4 Ng8 22. Nf6 Nxf6 23. Kxf3 Nh5+ 24. Ke3 Rf3+ 25. Kd2 Rxd3+ 26. Kxd3 Nf4+ 0-1

[Event "Titled Tuesday intern op 14th May Late"]
[Site "Chess.com INT"]
[Date "2024.05.14"]
[Round "7"]
[White "Haszon, David"]
[Black "Osmak, Iulija"]
[Result "1-0"]
[WhiteElo "2258"]
[BlackElo "2460"]
[PlyCount "67"]
[EventDate "2024.05.14"]
[EventType "swiss (blitz)"]
[EventRounds "11"]
[EventCountry "USA"]
[SourceTitle "CB21_2024"]
[SourceDate "2024.05.22"]
[SourceVersion "1"]
[SourceVersionDate "2024.05.22"]
[SourceQuality "1"]

1. d4 g6 2. Nc3 Bg7 3. e4 d6 4. Be3 Nc6 5. Qd2 e5 6. Nge2 f5 7. dxe5 Nxe5 8. Ng3 Ne7 9. Bh6 0-0 10. Bxg7 Kxg7 11. f4 Ng4 12. h3 Nf6 13. 0-0-0 fxe4 14. Ngxe4 Nc6 15. g4 Be6 16. Ng5 Bg8 17. Bg2 Qd7 18. Rhf1 Rae8 19. f5 h6 20. Nge4 Ne5 21. fxg6 Nxe4 22. Bxe4 Qe7 23. Bxb7 Rxf1 24. Rxf1 Rf8 25. Re1 Qg5 26. Be4 Rf2 27. Qxg5 hxg5 28. Bf5 Rh2 29. Nb5 Bc4 30. Nxc7 Nf3 31. Rd1 Be2 32. Ne8+ Kh6 33. g7 Bxd1 34. g8N# 1-0

[Event "Titled Tuesday intern op 14th May Late"]
[Site "Chess.com INT"]
[Date "2024.05.14"]
[Round "6"]
[White "Le Ruyet, Leopold"]
[Black "Haszon, David"]
[Result "0-1"]
[WhiteElo "2233"]
[BlackElo "2258"]
[PlyCount "104"]
[EventDate "2024.05.14"]
[EventType "swiss (blitz)"]
[EventRounds "11"]
[EventCountry "USA"]
[SourceTitle "CB21_2024"]
[SourceDate "2024.05.22"]
[SourceVersion "1"]
[SourceVersionDate "2024.05.22"]
[SourceQuality "1"]

1. e4 c6 2. d4 d5 3. exd5 cxd5 4. Bd3 Nc6 5. c3 Qc7 6. Nf3 Nf6 7. 0-0 Bg4 8. h3 Bh5 9. Nbd2 e6 10. Re1 Bd6 11. Be2 0-0 12. Nf1 Rfe8 13. Bg5 Ne4 14. Bh4 a6 15. N3d2 Bxe2 16. Qxe2 Nxd2 17. Nxd2 b5 18. b4 Ne7 19. a4 Qxc3 20. axb5 axb5 21. Bxe7 Bxe7 22. Rac1 Qxb4 23. Nf3 Bf6 24. Rb1 Qc4 25. Qe3 b4 26. Rec1 Qb5 27. Rc5 Qb6 28. Ne1 Rec8 29. Nd3 Rxc5 30. dxc5 Qb5 31. Rxb4 Qa6 32. Qf4 h6 33. Rb3 Qc4 34. Rb8+ Rxb8 35. Qxb8+ Kh7 36. Qb1 g6 37. g3 Bd4 38. Qb7 Kg7 39. Qb1 Bxc5 40. Qb2+ Bd4 41. Qe2 Bf6 42. Kh2 e5 43. Qd2 d4 44. Nb2 Qc3 45. Qe2 e4 46. Nd1 Qc6 47. h4 d3 48. Qe1 Qc2 49. Ne3 Qe2 50. Qg1 Bd4 51. Nd1 d2 52. Kg2 e3 0-1

[Event "Budapest One Week IM-B 02"]
[Site "Budapest"]
[Date "2024.03.01"]
[Round "7"]
[White "Matyassy, Lazar"]
[Black "Haszon, David"]
[Result "1/2-1/2"]
[WhiteElo "2176"]
[BlackElo "2245"]
[PlyCount "76"]
[EventDate "2024.02.26"]
[EventType "tourn"]
[EventRounds "9"]
[EventCountry "HUN"]
[EventCategory "1"]
[SourceTitle "CB11_2024"]
[SourceDate "2024.03.13"]
[SourceVersion "1"]
[SourceVersionDate "2024.03.13"]
[SourceQuality "1"]

1. e4 c5 2. Nf3 e6 3. d4 cxd4 4. Nxd4 Nf6 5. Nc3 d6 6. g4 a6 7. g5 Nfd7 8. Bg2 Be7 9. h4 Nc6 10. Be3 Nde5 11. Qe2 0-0 12. 0-0-0 Nxd4 13. Bxd4 Bd7 14. f4 Nc6 15. Be3 b5 16. Kb1 Rb8 17. Qf2 b4 18. Na4 e5 19. b3 exf4 20. Bxf4 Qc7 21. Bh3 Bxh3 22. Rxh3 Ne5 23. Bxe5 dxe5 24. Rhd3 Rbd8 25. Rd5 Rxd5 26. exd5 f6 27. gxf6 Rxf6 28. Qe2 Bd6 29. Qc4 Qd8 30. h5 h6 31. Nb2 Qe8 32. Qe2 Qf8 33. Nc4 Rf2 34. Qg4 Kh8 35. Qg6 Rf6 36. Qg4 Rf4 37. Qe6 Rf6 38. Qg4 Rf4 1/2-1/2

[Event "Budapest One Week IM-B 02"]
[Site "Budapest"]
[Date "2024.02.28"]
[Round "5"]
[White "Poysti, Nathanael Nicolai"]
[Black "Haszon, David"]
[Result "0-1"]
[WhiteElo "2182"]
[BlackElo "2245"]
[PlyCount "120"]
[EventDate "2024.02.26"]
[EventType "tourn"]
[EventRounds "9"]
[EventCountry "HUN"]
[EventCategory "1"]
[SourceTitle "CB11_2024"]
[SourceDate "2024.03.13"]
[SourceVersion "1"]
[SourceVersionDate "2024.03.13"]
[SourceQuality "1"]

1. c4 e6 2. g3 d5 3. Bg2 Nf6 4. Nf3 Be7 5. 0-0 0-0 6. b3 c5 7. cxd5 exd5 8. d4 Nc6 9. Bb2 Ne4 10. dxc5 Bxc5 11. Nc3 Nxc3 12. Bxc3 d4 13. Bb2 Bf5 14. Rc1 Bb6 15. Qd2 Re8 16. Rfd1 Qe7 17. Nxd4 Bxd4 18. Bxd4 Qxe2 19. Ba1 Qxd2 20. Rxd2 Rad8 21. Rxd8 Rxd8 22. Bc3 h5 23. Bf3 h4 24. gxh4 Nd4 25. Bxd4 Rxd4 26. Rd1 Rxh4 27. Bxb7 Bh3 28. f3 Rh5 29. Rd2 Be6 30. Kf1 Kf8 31. Ke1 Ke7 32. Kd1 Rb5 33. Bc6 Rc5 34. Rc2 Rh5 35. Kc1 Kd6 36. Kb2 Bf5 37. Be4 Bxe4 38. fxe4 Rh4 39. b4 Rxe4 40. Kc3 g5 41. a4 a5 42. Rb2 axb4+ 43. Rxb4 Re3+ 44. Kc4 Re2 45. h3 f5 46. Rb3 Ra2 47. Kb4 f4 48. Rd3+ Ke5 49. Rd8 Rh2 50. Rg8 Kf6 51. a5 Rxh3 52. a6 Rh7 53. Rf8+ Ke5 54. Kc5 g4 55. Re8+ Kf5 56. Rf8+ Ke4 57. Kb6 g3 58. a7 Rxa7 59. Kxa7 g2 60. Rg8 Ke5 0-1

[Event "Titled Tuesday intern op 23rd Jan Late"]
[Site "Chess.com INT"]
[Date "2024.01.23"]
[Round "4"]
[White "Bjelobrk, Igor"]
[Black "Haszon, David"]
[Result "1-0"]
[WhiteElo "2403"]
[BlackElo "2245"]
[PlyCount "27"]
[EventDate "2024.01.23"]
[EventType "swiss (blitz)"]
[EventRounds "11"]
[EventCountry "USA"]
[SourceTitle "CB05_2024"]
[SourceDate "2024.01.31"]
[SourceVersion "1"]
[SourceVersionDate "2024.01.31"]
[SourceQuality "1"]

1. d4 Nf6 2. c4 e6 3. g3 d5 4. Bg2 h6 5. Nf3 Bd6 6. 0-0 0-0 7. Qc2 Nc6 8. b3 dxc4 9. bxc4 e5 10. e3 Bg4 11. Nbd2 e4 12. Nxe4 Nxe4 13. Qxe4 Qf6 14. Qxg4 1-0

[Event "Titled Tuesday intern op 24th Oct Late"]
[Site "Chess.com INT"]
[Date "2023.10.24"]
[Round "8"]
[White "Haszon, David"]
[Black "Harriott, Tyrell"]
[Result "1-0"]
[WhiteElo "2250"]
[BlackElo "1778"]
[PlyCount "157"]
[EventDate "2023.10.24"]
[EventType "swiss (blitz)"]
[EventRounds "11"]
[EventCountry "USA"]
[SourceTitle "Mega2024 Update 01"]
[Source "Chessbase"]
[SourceDate "2023.11.12"]
[SourceVersion "1"]
[SourceVersionDate "2023.11.12"]
[SourceQuality "1"]

1. e4 e6 2. d4 d5 3. Nd2 f5 4. exf5 exf5 5. c4 Nf6 6. Ngf3 Be7 7. Ne5 0-0 8. Be2 b6 9. 0-0 Bb7 10. b3 Kh8 11. Ndf3 Ne4 12. Bb2 Nd7 13. Rc1 Ndf6 14. Re1 c6 15. a3 Qe8 16. b4 Rd8 17. c5 b5 18. a4 a6 19. axb5 axb5 20. Ra1 Ra8 21. Qd3 Qc8 22. h4 Kg8 23. Ng5 Bd8 24. Rxa8 Bxa8 25. Bd1 Bb7 26. Bc2 Bc7 27. Qh3 Nh5 28. f3 Neg3 29. Bc1 Qe8 30. Bf4 Nxf4 31. Qxg3 Nh5 32. Qf2 h6 33. Nh3 Bc8 34. Qd2 f4 35. Nf2 Qd8 36. Nfg4 Qxh4 37. Ng6 Qg5 38. Ne7+ Kf7 39. Bg6+ Qxg6 40. Nxg6 Kxg6 41. Ne5+ Kh7 42. Nxc6 Bf5 43. Ne7 Bc8 44. Nxd5 Re8 45. Rxe8 Bf5 46. Re7 Bd8 47. Rf7 Bg6 48. Rd7 Bh4 49. Nxf4 Bg5 50. g3 Nxg3 51. c6 Bxf4 52. Qxf4 Ne2+ 53. Kf2 Nxf4 54. c7 Nd3+ 55. Ke3 Bf5 56. c8Q Bxd7 57. Qxd7 Ne1 58. Qxb5 Ng2+ 59. Kf2 Nf4 60. Qf5+ Ng6 61. b5 h5 62. Qxh5+ Kg8 63. Qxg6 Kf8 64. Qxg7+ Kxg7 65. b6 Kf7 66. b7 Ke7 67. b8Q Kd7 68. Qb6 Ke7 69. Qh6 Kf7 70. Ke3 Ke7 71. Kf4 Kf7 72. Ke5 Ke7 73. Qg7+ Kd8 74. Kd6 Kc8 75. Qe7 Kb8 76. f4 Ka8 77. f5 Kb8 78. f6 Ka8 79. f7 1-0

[Event "Titled Tuesday intern op 24th Oct Late"]
[Site "Chess.com INT"]
[Date "2023.10.24"]
[Round "5"]
[White "Haszon, David"]
[Black "Sultanbek, Zeinep"]
[Result "0-1"]
[WhiteElo "2250"]
[BlackElo "1969"]
[PlyCount "52"]
[EventDate "2023.10.24"]
[EventType "swiss (blitz)"]
[EventRounds "11"]
[EventCountry "USA"]
[SourceTitle "Mega2024 Update 01"]
[Source "Chessbase"]
[SourceDate "2023.11.12"]
[SourceVersion "1"]
[SourceVersionDate "2023.11.12"]
[SourceQuality "1"]

1. e4 c5 2. Nf3 d6 3. d4 cxd4 4. Nxd4 Nf6 5. f3 g6 6. Nc3 Bg7 7. Be3 Nc6 8. Bc4 0-0 9. Qd2 Bd7 10. 0-0-0 Rb8 11. h4 Na5 12. Bd3 b5 13. Ndxb5 Bxb5 14. Nxb5 a6 15. Nd4 Qc7 16. Nb3 Nxb3+ 17. axb3 a5 18. Bh6 Rxb3 19. Bxg7 Kxg7 20. h5 Rfb8 21. hxg6 fxg6 22. Qh6+ Kf7 23. Qf4 Rxb2 24. Rxh7+ Kg8 25. Rh6 Qc3 26. Rxg6+ Kf7 0-1

[Event "Titled Tuesday intern op 26th Sep Late"]
[Site "Chess.com INT"]
[Date "2023.09.26"]
[Round "9"]
[White "Haszon, David"]
[Black "Pinheiro, Iung Alicio"]
[Result "1-0"]
[WhiteElo "2250"]
[BlackElo "2306"]
[PlyCount "157"]
[EventDate "2023.09.26"]
[EventType "swiss (blitz)"]
[EventRounds "11"]
[EventCountry "USA"]
[SourceTitle "EXT 2024"]
[Source "ChessBase"]
[SourceDate "2023.10.10"]
[SourceVersion "1"]
[SourceVersionDate "2023.10.10"]
[SourceQuality "1"]

1. d4 Nf6 2. Bf4 d5 3. e3 c5 4. Nd2 Nc6 5. Ngf3 Bg4 6. h3 Bf5 7. dxc5 e6 8. Nb3 Ne4 9. Bd3 Bg6 10. Bxe4 Bxe4 11. 0-0 a5 12. a4 Be7 13. Qe2 0-0 14. Rfd1 b6 15. Qb5 Bxc2 16. Qxc6 Bxb3 17. cxb6 Bxd1 18. Rxd1 Rc8 19. Bc7 Qe8 20. Qxe8 Rfxe8 21. Nd4 Bd8 22. b7 Bxc7 23. bxc8Q Rxc8 24. Nb5 Be5 25. b3 g5 26. g3 h5 27. f4 gxf4 28. gxf4 Bf6 29. Kf2 Rc2+ 30. Kf3 Rb2 31. Rd3 Kf8 32. e4 dxe4+ 33. Kxe4 h4 34. Nd6 Rb1 35. Nc4 Re1+ 36. Re3 Rxe3+ 37. Kxe3 Bc3 38. Kf3 f5 39. Ne3 Ke7 40. Ng2 Bf6 41. Ke3 Kd6 42. Kd3 Kc5 43. Kc2 Kb4 44. Ne3 Be7 45. Ng2 Bf6 46. Ne3 Bd8 47. Ng2 Bc7 48. Kb2 Bd6 49. Kc2 Bc7 50. Kb2 Kc5 51. Kc3 Kd5 52. b4 axb4+ 53. Kxb4 Ke4 54. a5 Kf3 55. Nxh4+ Kxf4 56. a6 Bb6 57. Ng6+ Kg5 58. Kb5 Bg1 59. Ne5 Bd4 60. Nf3+ Kf4 61. Nxd4 Ke4 62. Nxe6 Ke5 63. Ng5 Kf6 64. h4 Kg6 65. a7 Kh5 66. a8Q Kxh4 67. Qh1+ Kxg5 68. Qf1 Kg4 69. Kc4 f4 70. Kd3 Kg3 71. Kd2 f3 72. Kd1 Kf4 73. Ke1 Ke4 74. Kf2 Kf4 75. Qe1 Kg4 76. Qe3 Kh3 77. Qxf3+ Kh2 78. Qg4 Kh1 79. Qg2# 1-0

[Event "Titled Tuesday intern op 26th Sep Late"]
[Site "Chess.com INT"]
[Date "2023.09.26"]
[Round "7"]
[White "Haszon, David"]
[Black "Romanchuk, Viktor"]
[Result "1-0"]
[WhiteElo "2250"]
[BlackElo "2266"]
[PlyCount "79"]
[EventDate "2023.09.26"]
[EventType "swiss (blitz)"]
[EventRounds "11"]
[EventCountry "USA"]
[SourceTitle "EXT 2024"]
[Source "ChessBase"]
[SourceDate "2023.10.10"]
[SourceVersion "1"]
[SourceVersionDate "2023.10.10"]
[SourceQuality "1"]

1. d4 d5 2. Bf4 Nf6 3. e3 c5 4. Nd2 cxd4 5. exd4 Nc6 6. c3 Bg4 7. Qb3 Qd7 8. Ngf3 Bxf3 9. Nxf3 e6 10. Bb5 Bd6 11. Ne5 Bxe5 12. Bxe5 0-0 13. Bxf6 gxf6 14. Bd3 Kh8 15. Qd1 Rg8 16. Qh5 Rg7 17. f4 f5 18. g3 Ne7 19. 0-0-0 b5 20. h3 b4 21. c4 dxc4 22. Bxc4 Rc8 23. b3 Rxg3 24. Qxf7 Qd6 25. Qf6+ Kg8 26. Kb1 Nd5 27. Bxd5 Qxd5 28. Rhg1 Rcc3 29. Rc1 Qe4+ 30. Ka1 Qe3 31. Rxg3+ Qxg3 32. Qxe6+ Kh8 33. Qe5+ Kg8 34. Qe8+ Kg7 35. Qe7+ Kg8 36. Re1 Rc2 37. Qe8+ Kg7 38. Re7+ Kh6 39. Qf8+ Kh5 40. Rxh7+ 1-0

[Event "Titled Tuesday intern op 26th Sep Late"]
[Site "Chess.com INT"]
[Date "2023.09.26"]
[Round "2"]
[White "Haszon, David"]
[Black "Villabrille, Roberto"]
[Result "1-0"]
[WhiteElo "2250"]
[BlackElo "2140"]
[PlyCount "85"]
[EventDate "2023.09.26"]
[EventType "swiss (blitz)"]
[EventRounds "11"]
[EventCountry "USA"]
[SourceTitle "EXT 2024"]
[Source "ChessBase"]
[SourceDate "2023.10.10"]
[SourceVersion "1"]
[SourceVersionDate "2023.10.10"]
[SourceQuality "1"]

1. d4 d5 2. Bf4 Nf6 3. e3 Bf5 4. c4 c6 5. Nc3 e6 6. Qb3 Qb6 7. c5 Qxb3 8. axb3 Ne4 9. Nxe4 Bxe4 10. Bxb8 Rxb8 11. Rxa7 Be7 12. f3 Bg6 13. h4 h6 14. Ne2 0-0 15. Nc1 Bf6 16. f4 b6 17. cxb6 Rxb6 18. Kd2 Rfb8 19. h5 Be4 20. Bd3 Bxg2 21. Rh2 Bf3 22. Rc7 Bd8 23. Rd7 R6b7 24. Rxb7 Rxb7 25. Be2 Ba5+ 26. Kd1 Be4 27. Rf2 Bb4 28. Bf3 Bxf3+ 29. Rxf3 c5 30. dxc5 Bxc5 31. Nd3 Bd6 32. Kc2 Rc7+ 33. Kd2 Rb7 34. Kc3 Bc7 35. b4 g6 36. hxg6 fxg6 37. Nc5 Rb6 38. Kb3 Bd6 39. Nd3 Be7 40. Ka4 h5 41. b5 Kf7 42. Ne5+ Kf6 43. Nd7+ 1-0

[Event "Titled Tuesday intern op 26th Sep Late"]
[Site "Chess.com INT"]
[Date "2023.09.26"]
[Round "8"]
[White "He, Anthony B"]
[Black "Haszon, David"]
[Result "1-0"]
[WhiteElo "2515"]
[BlackElo "2250"]
[PlyCount "135"]
[EventDate "2023.09.26"]
[EventType "swiss (blitz)"]
[EventRounds "11"]
[EventCountry "USA"]
[SourceTitle "EXT 2024"]
[Source "ChessBase"]
[SourceDate "2023.10.10"]
[SourceVersion "1"]
[SourceVersionDate "2023.10.10"]
[SourceQuality "1"]

1. d4 Nf6 2. c4 g6 3. f3 c5 4. d5 b5 5. cxb5 a6 6. b6 Bg7 7. Nc3 Qxb6 8. e4 d6 9. Bc4 0-0 10. Nge2 a5 11. 0-0 Ba6 12. b3 Nbd7 13. Be3 Ne5 14. Bxa6 Qxa6 15. Qc2 Qd3 16. Qxd3 Nxd3 17. Rfd1 Nb4 18. Rd2 Nd7 19. Rc1 Rfb8 20. Na4 Nb6 21. Nxb6 Rxb6 22. Kf2 Rb7 23. Rc4 a4 24. a3 axb3 25. axb4 b2 26. Rxb2 Bxb2 27. bxc5 dxc5 28. Rxc5 Rb4 29. Rc7 Kf8 30. Bc5 Rb3 31. Rxe7 Kg8 32. d6 Bf6 33. Rc7 Rd3 34. f4 Bd8 35. Rc6 Kg7 36. e5 Ra5 37. Be3 Raa3 38. Bc5 Ra5 39. Bd4 Ra2 40. Rc4 Rxd4 41. Rxd4 Bb6 42. Kf3 Rxe2 43. d7 Ra2 44. d8Q Bxd8 45. Rxd8 Ra3+ 46. Ke4 Ra4+ 47. Rd4 Ra2 48. Kf3 Ra3+ 49. Kf2 Ra2+ 50. Kf1 Ra1+ 51. Ke2 Ra2+ 52. Rd2 Ra4 53. g3 h5 54. Kf3 Ra3+ 55. Ke4 Ra4+ 56. Rd4 Ra2 57. h3 Ra3 58. Rd3 Ra4+ 59. Kf3 Ra1 60. g4 h4 61. f5 Rg1 62. f6+ Kh7 63. Rd7 Rg3+ 64. Kf4 Rxh3 65. Rxf7+ Kg8 66. Rg7+ Kf8 67. e6 Ra3 68. e7+ 1-0

[Event "Titled Tuesday intern op 26th Sep Late"]
[Site "Chess.com INT"]
[Date "2023.09.26"]
[Round "1"]
[White "Wu, Derek"]
[Black "Haszon, David"]
[Result "1-0"]
[WhiteElo "2255"]
[BlackElo "2250"]
[PlyCount "107"]
[EventDate "2023.09.26"]
[EventType "swiss (blitz)"]
[EventRounds "11"]
[EventCountry "USA"]
[SourceTitle "EXT 2024"]
[Source "ChessBase"]
[SourceDate "2023.10.10"]
[SourceVersion "1"]
[SourceVersionDate "2023.10.10"]
[SourceQuality "1"]

1. d4 Nf6 2. c4 g6 3. Nc3 d5 4. Nf3 Bg7 5. Qa4+ Nc6 6. cxd5 Nxd5 7. e4 Nxc3 8. bxc3 0-0 9. h3 a6 10. Be2 Bd7 11. Qa3 b5 12. 0-0 Re8 13. Bg5 h6 14. Bh4 b4 15. Qb2 bxc3 16. Qxc3 Qc8 17. Rac1 e5 18. dxe5 Nxe5 19. Qxc7 Qxc7 20. Rxc7 Be6 21. a4 a5 22. Nd4 g5 23. Bg3 Ng6 24. Nxe6 Rxe6 25. Bc4 Re7 26. Rxe7 Nxe7 27. Rb1 Rc8 28. Ba2 Rc2 29. Rb8+ Bf8 30. Bd6 Kg7 31. Bb3 Rc1+ 32. Kh2 Ng6 33. Bxf8+ Nxf8 34. Rb7 Rc3 35. Bxf7 Kf6 36. Bd5 Ke5 37. Rb5 Kd4 38. Rxa5 Ng6 39. Ra6 Nf4 40. Rxh6 Rc2 41. Kg3 Rc3+ 42. Kg4 Nxg2 43. Kxg5 Ne1 44. f4 Nf3+ 45. Kf6 Ra3 46. Bc6 Kc5 47. Kf7 Nd4 48. Bb5 Re3 49. e5 Rf3 50. Rf6 Rxh3 51. e6 Rh7+ 52. Kg8 Rh4 53. e7 Rg4+ 54. Kf8 1-0

[Event "Titled Tuesday intern op 05th Sep Late"]
[Site "Chess.com INT"]
[Date "2023.09.05"]
[Round "1"]
[White "Haszon, David"]
[Black "Popov, Konstantin"]
[Result "0-1"]
[WhiteElo "2250"]
[BlackElo "2345"]
[PlyCount "42"]
[EventDate "2023.09.05"]
[EventType "swiss (blitz)"]
[EventRounds "11"]
[EventCountry "USA"]
[SourceTitle "EXT 2024"]
[Source "ChessBase"]
[SourceDate "2023.10.10"]
[SourceVersion "1"]
[SourceVersionDate "2023.10.10"]
[SourceQuality "1"]

1. d4 Nf6 2. Bf4 b6 3. e3 Bb7 4. Nf3 g6 5. Nc3 Bg7 6. h4 d6 7. Qd2 Nbd7 8. 0-0-0 a6 9. Kb1 b5 10. Bd3 c5 11. dxc5 Nxc5 12. Rhe1 0-0 13. Bg5 b4 14. Ne2 Nfe4 15. Bxe4 Nxe4 16. Qxb4 Rb8 17. c3 Nxf2 18. Rd2 Bxf3 19. Qf4 Ne4 20. Rc2 Bxe2 21. Rexe2 Nxc3+ 0-1

[Event "Titled Tuesday intern op 29th Aug Late"]
[Site "Chess.com INT"]
[Date "2023.08.29"]
[Round "8"]
[White "Haszon, David"]
[Black "Joubert, Dantelle"]
[Result "1-0"]
[WhiteElo "2250"]
[BlackElo "1566"]
[PlyCount "39"]
[EventDate "2023.08.29"]
[EventType "swiss (blitz)"]
[EventRounds "11"]
[EventCountry "USA"]
[SourceTitle "EXT 2024"]
[Source "ChessBase"]
[SourceDate "2023.10.10"]
[SourceVersion "1"]
[SourceVersionDate "2023.10.10"]
[SourceQuality "1"]

1. d4 d5 2. Bf4 c5 3. e3 Nf6 4. Nf3 Qb6 5. Nbd2 Nc6 6. dxc5 Qxc5 7. a3 Bg4 8. c4 Rd8 9. Rc1 e6 10. h3 Bh5 11. b4 Qb6 12. c5 Bxc5 13. Rxc5 0-0 14. Be2 Rfe8 15. 0-0 e5 16. Bg5 a5 17. Bxf6 gxf6 18. Rb5 Qa7 19. bxa5 Nxa5 20. Qa4 1-0

[Event "Titled Tuesday intern op 22nd Aug Late"]
[Site "Chess.com INT"]
[Date "2023.08.22"]
[Round "9"]
[White "Haszon, David"]
[Black "Boor, Carl Brandon"]
[Result "1-0"]
[WhiteElo "2250"]
[BlackElo "2231"]
[PlyCount "121"]
[EventDate "2023.08.22"]
[EventType "swiss (blitz)"]
[EventRounds "11"]
[EventCountry "USA"]
[SourceTitle "EXT 2024"]
[Source "ChessBase"]
[SourceDate "2023.10.10"]
[SourceVersion "1"]
[SourceVersionDate "2023.10.10"]
[SourceQuality "1"]

1. d4 Nf6 2. Bf4 e6 3. e3 b6 4. Nf3 Bb7 5. c4 Bb4+ 6. Nbd2 0-0 7. Bd3 Be4 8. Bxe4 Nxe4 9. 0-0 Nxd2 10. Nxd2 Bxd2 11. Qxd2 d6 12. b4 Nd7 13. Rac1 Qe7 14. c5 Nf6 15. Bg5 h6 16. Bxf6 Qxf6 17. cxd6 cxd6 18. Rc6 Rfc8 19. Rfc1 Rxc6 20. Rxc6 d5 21. h3 Qe7 22. a4 Qb7 23. Qc2 Qa6 24. Rc7 Rf8 25. g3 Ra8 26. Qc6 Rf8 27. Qd7 Qe2 28. Rxa7 Qe1+ 29. Kg2 Qxb4 30. Qb5 Qxb5 31. axb5 Rb8 32. Kf3 g6 33. Kf4 Kg7 34. Ra6 Kf6 35. h4 Rb7 36. g4 g5+ 37. Kg3 Ke7 38. Ra8 Kf6 39. h5 Kg7 40. Ra6 Kf6 41. f4 gxf4+ 42. Kxf4 Rb8 43. Ra7 Rd8 44. Rb7 Rd6 45. Rc7 Kg7 46. Rc6 Rd7 47. Rxb6 Kf8 48. Rb8+ Ke7 49. b6 Kf6 50. b7 Rc7 51. e4 dxe4 52. Kxe4 Rd7 53. Ke3 Rc7 54. Kd3 Rd7 55. Ke4 Rc7 56. d5 exd5+ 57. Kxd5 Re7 58. Kd6 Re6+ 59. Kc5 Re7 60. Kb6 Re6+ 61. Ka7 1-0